000 00631nam a2200181 i 4500
001 104513
003 ES-MaACL
005 20230906183626.0
007 t|
008 051130s1944 ag ||||1| spa d
100 1 _aMillikan, Robert Andrews.
_981259
245 1 0 _aElectrones (+ y -), protones, fotones, neutrones y rayos cósmicos /
_cRobert Andrew Millikan; traducido del inglés por Eva Iribarne y Carlos Prélat.
260 _aBuenos Aires :
_bEspasa-Calpe,
_c1944.
300 _a446 p. :
_bil. ;
_c20 cm.
700 1 _aIribarne, Eva.
_965450
700 1 _aPrélat, Carlos E.
_993748
852 _aES-MaACL
_jB-10056
_bR.22000
999 _c104513
_d104513